The microfoundations delusion : (Record no. 3424)

MARC details
000 -LEADER
fixed length control field 01484cam a2200181 a 4500
008 - FIXED-LENGTH DATA ELEMENTS--GENERAL INFORMATION
fixed length control field 120313s2012 enk b 001 0 eng d
020 ## - INTERNATIONAL STANDARD BOOK NUMBER
ISBN 9781849803175 (hbk.)
020 ## - INTERNATIONAL STANDARD BOOK NUMBER
ISBN 184980317X (hbk.)
100 1# - MAIN ENTRY--AUTHOR
Author King, J. E.
245 14 - TITLE STATEMENT
Title The microfoundations delusion :
Remainder of title metaphor and dogma in the history of macroeconomics /
Statement of responsibility, etc J.E. King.
260 ## - PUBLICATION, DISTRIBUTION, ETC. (IMPRINT)
Place of publication Cheltenham ;
-- Northampton, MA :
Name of publisher Edward Elgar,
Date of publication c2012.
300 ## - COLLATION
Pagination 285p.
520 ## - SUMMARY, ETC.
Summary, etc In this challenging book, John King makes a sustained and comprehensive attack on the dogma that macroeconomic theory must have 'rigorous microfoundations'. He draws on both the philosophy of science and the history of economic thought to demonstrate the dangers of foundational metaphors and the defects of micro-reduction as a methodological principle. Strong criticism of the microfoundations dogma is documented in great detail, from some mainstream and many heterodox economists and also from economic methodologists, social theorists and evolutionary biologists. The author argues for the relative autonomy of macroeconomics as a distinct 'special science', cooperating with but most definitely not reducible to microeconomics. The Microfoundations Delusion will prove a stimulating and thought-provoking read for scholars, students and researchers in the fields of economics, heterodox economics and history of economic thought.
650 #0 - TRACINGS
Main Subject Macroeconomics
Subdivision (2nd) History.
942 ## - ADDED ENTRY ELEMENTS (KOHA)
Item type Books
050 00 - LIBRARY OF CONGRESS CALL NUMBER
Classification number HB172.5
Item number .K564 2012
082 04 - DEWEY DECIMAL CLASSIFICATION NUMBER
Classification number 339.09

No items available.